| 000 | 00498nam a2200157Ia 4500 | ||
|---|---|---|---|
| 008 | 210716s2000 xx 000 0 und d | ||
| 020 | _a1578511925 | ||
| 041 | _aeng | ||
| 082 | _a333.70973 REIF | ||
| 100 | _aReinhardt, Forest L. | ||
| 245 |
_aDown to earth: applying business principles to environmental management. _bApplying business principles to environmental management. |
||
| 250 | _a1 | ||
| 260 |
_aBoston _bHarvard Business School Press _c2000 |
||
| 300 | _aXVIII,291 | ||
| 650 | _aNone | ||
| 999 |
_c199556 _d199556 |
||